[Event "ICS rated blitz match"]
[Site "204.178.125.65"]
[Date "2000.03.01"]
[Round "?"]
[White "poodledough"]
[Black "Hossa"]
[Result "1-0"]
[WhiteElo "2861"]
[BlackElo "2532"]
[PlyCount "55"]

1. e4 c5 2. Nf3 e6 3. d4 cxd4 4. Nxd4 Nf6 5. Nc3 d6 6. Be2 Be7 7. O-O O-O 8. f4
a6 9. Be3 Qc7 10. g4 Re8 11. g5 Nfd7 12. Bd3 Nc6 13. Qh5 g6 14. Qh4 Bf8 15. Rf3
Bg7 16. Nde2 b5 17. Rh3 Nf8 18. f5 exf5 19. exf5 b4 20. Nd5 Qa5 21. Nef4 Bxb2
22. Qh6 Rxe3 23. f6 Rg3+ 24. hxg3 Qc5+ 25. Kh1 Qxd5+ 26. Nxd5 Ne6 27. Qxh7+ Kf8
28. Qh8# 1-0

[Event "ICS Rated blitz match"]
[Site "204.178.125.65"]
[Date "2000.03.01"]
[Round "?"]
[White "Hossa"]
[Black "erce"]
[Result "1-0"]
[WhiteElo "2535"]
[BlackElo "2466"]
[PlyCount "101"]

1. e4 c5 2. Nf3 d6 3. d4 cxd4 4. Nxd4 Nf6 5. Nc3 a6 6. Be2 e5 7. Nb3 Be7 8. O-O
O-O 9. Be3 Be6 10. Qd2 Nbd7 11. a4 Rc8 12. a5 Qc7 13. Rfd1 h6 14. Nc1 Nh7 15.
Nd3 Rfd8 16. Nb4 Nhf6 17. Bf3 Re8 18. Ra4 Bf8 19. Nbd5 Nxd5 20. exd5 Bf5 21.
Rb4 e4 22. Bxe4 Bxe4 23. Nxe4 Qxc2 24. Qxc2 Rxc2 25. b3 f5 26. Rxb7 Rxe4 27.
Rxd7 f4 28. Bb6 Rb2 29. Ra7 Rxb3 30. Kf1 Ra4 31. Rxa6 Ra2 32. Ra7 Rba3 33. Rc7
g5 34. Ke1 g4 35. Rc4 h5 36. Rxf4 Bg7 37. Kf1 Kh7 38. Re4 Be5 39. g3 Kg6 40.
Re2 Ra1 41. Rxa1 Rxa1+ 42. Kg2 Kf5 43. h3 Ra4 44. hxg4+ hxg4 45. f4 gxf3+ 46.
Kxf3 Ra1 47. g4+ Kf6 48. Re3 Ra4 49. Re4 Ra3+ 50. Ke2 Ra4 51. Rxa4 1-0

[Event "ICS rated bullet match"]
[Site "204.178.125.65"]
[Date "2000.03.01"]
[Round "?"]
[White "Hossa"]
[Black "drunknstupid"]
[Result "1-0"]
[WhiteElo "2377"]
[BlackElo "2012"]
[PlyCount "117"]

1. d4 Nf6 2. c4 g6 3. Nf3 Bg7 4. g3 d6 5. Bg2 O-O 6. Nc3 Nc6 7. Bf4 Bf5 8. d5
Na5 9. Qa4 b6 10. Nd4 Bd7 11. Nc6 Nxc6 12. dxc6 Be8 13. O-O-O e5 14. Bxe5 a6
15. Qa3 Qc8 16. Nd5 Nxd5 17. Bxg7 Kxg7 18. cxd5 a5 19. Qc3+ f6 20. Rd4 b5 21.
Rf4 b4 22. Qf3 Qd8 23. h4 h6 24. g4 Bf7 25. h5 g5 26. Rc4 Bg8 27. Re1 Bh7 28.
e4 Qb8 29. Re3 a4 30. Rd3 b3 31. a3 Qb5 32. Rb4 Qc5+ 33. Rc3 Qa7 34. Rb7 Qa5
35. Qe3 Rab8 36. Ra7 Qb5 37. Rxc7+ Rf7 38. Rxf7+ Kxf7 39. Qa7+ Kg8 40. Qd7 Rf8
41. Qe6+ Kg7 42. c7 Qe2 43. Bf3 Qe1+ 44. Bd1 Qxf2 45. Qe7+ Rf7 46. Qxd6 Bxe4
47. c8=Q Bc2 48. Bxc2 bxc2 49. Qc4 Qe1+ 50. Kxc2 Qf2+ 51. Kd3 Qf1+ 52. Ke3 Qg1+
53. Kf3 Qh1+ 54. Kf2 Qb1 55. Qxa4 Qxb2+ 56. Qc2 Qa1 57. Qg6+ Kh8 58. Qd8+ Rf8
59. Qxf8# 1-0

[Event "ICS rated blitz match"]
[Site "204.178.125.65"]
[Date "2000.03.01"]
[Round "?"]
[White "RedBear"]
[Black "Hossa"]
[Result "1-0"]
[WhiteElo "2576"]
[BlackElo "2548"]
[PlyCount "123"]

1. e4 e5 2. Nf3 Nc6 3. Bb5 Nf6 4. Nc3 a6 5. Ba4 b5 6. Bb3 Bb4 7. Nd5 a5 8. Nxb4
axb4 9. d3 Bb7 10. O-O O-O 11. Bg5 Qe7 12. h3 h6 13. Be3 Na5 14. Nh4 d5 15. Nf5
Qe6 16. Qd2 Nxb3 17. axb3 Rxa1 18. Rxa1 Ra8 19. Rxa8+ Bxa8 20. Bxh6 gxh6 21.
Nxh6+ Kh7 22. Nf5 Ne8 23. Qg5 dxe4 24. Qh5+ Kg8 25. dxe4 Qf6 26. f3 Bb7 27.
Nh6+ Kf8 28. Ng4 Qb6+ 29. Kh2 f6 30. Nh6 Ke7 31. Qf7+ Kd8 32. Nf5 Qc5 33. Ng7
Nxg7 34. Qxg7 Qe7 35. Qg8+ Kd7 36. c3 c5 37. cxb4 cxb4 38. g4 Qe6 39. Qg7+ Kc6
40. h4 Kb6 41. h5 Qd6 42. Kg3 Bc6 43. h6 Qd2 44. Qxf6 Qe1+ 45. Kg2 Qe2+ 46. Kh3
Kb7 47. Kh4 Qd2 48. Qe7+ Kb6 49. Kh5 Qh2+ 50. Kg6 Qf4 51. Qf6 Qd2 52. h7 Ka5
53. h8=Q Be8+ 54. Kf5 Qd1 55. Kxe5 Qd2 56. Qe7 Qd7 57. Qxd7 Bxd7 58. Qb8 Ka6
59. Kd6 Bc8 60. Kc6 Bd7+ 61. Kxd7 Ka5 62. Qa7# 1-0

[Event "ICS rated blitz match"]
[Site "204.178.125.65"]
[Date "2000.03.01"]
[Round "?"]
[White "Hossa"]
[Black "RedBear"]
[Result "0-1"]
[WhiteElo "2533"]
[BlackElo "2591"]
[PlyCount "128"]

1. e4 e5 2. Nf3 Nc6 3. Bc4 Nf6 4. d4 exd4 5. O-O Nxe4 6. Re1 d5 7. Bxd5 Qxd5 8.
Nc3 Qa5 9. Nxe4 Be6 10. Bd2 Bb4 11. Nxd4 Nxd4 12. c3 Be7 13. cxd4 Qd5 14. Bb4
Bxb4 15. Qa4+ Qc6 16. Qxb4 O-O-O 17. Nc3 Qb6 18. Qxb6 axb6 19. Rad1 Rhe8 20. d5
Bf5 21. Rxe8 Rxe8 22. d6 c6 23. f4 b5 24. Kf2 Kd7 25. h3 h5 26. Ne2 h4 27. Nd4
Re4 28. Kf3 Bg6 29. Rd2 f5 30. g4 hxg3 31. Kxg3 Re3+ 32. Kh4 Bh7 33. Rg2 g6 34.
Nxf5 gxf5 35. Rg7+ Kxd6 36. Rxh7 Re2 37. b4 Rxa2 38. Rxb7 Ra4 39. Kg5 Rxb4 40.
Kxf5 c5 41. h4 c4 42. h5 c3 43. Rb6+ Kc7 44. Rg6 c2 45. Rg7+ Kb6 46. Rg1 Rb1
47. Rg6+ Kc5 48. Rg7 c1=Q 49. Rc7+ Kd5 50. Rxc1 Rxc1 51. h6 Rh1 52. Kg5 Ke4 53.
h7 Rxh7 54. Kg6 Kxf4 55. Kxh7 b4 56. Kg8 Ke5 57. Kf8 b3 58. Ke8 b2 59. Kd7 b1=Q
60. Kc6 Qb4 61. Kc7 Kd5 62. Kd7 Qb7+ 63. Ke8 Ke6 64. Kf8 Qf7# 0-1

[Event "ICS rated blitz match"]
[Site "204.178.125.65"]
[Date "2000.03.01"]
[Round "?"]
[White "Erikasparov"]
[Black "Hossa"]
[Result "1-0"]
[WhiteElo "2666"]
[BlackElo "2520"]
[PlyCount "147"]

1. d4 Nf6 2. c4 e6 3. Nc3 Bb4 4. Qc2 d5 5. cxd5 Qxd5 6. Nf3 Qf5 7. Qxf5 exf5 8.
a3 Bd6 9. e3 Nbd7 10. Nb5 O-O 11. Bd2 f4 12. Rc1 fxe3 13. fxe3 Nd5 14. Bd3 Re8
15. O-O N7f6 16. Rfe1 Ne4 17. Bxe4 Rxe4 18. Ng5 Rg4 19. Nxd6 cxd6 20. e4 Nf6
21. Rc7 Ne8 22. Re7 Kf8 23. Rxf7+ Kg8 24. Rf3 h6 25. Nh3 Be6 26. Nf4 Bf7 27. h3
Rg5 28. Nd5 Rxd5 29. exd5 Bxd5 30. Rf5 Bc4 31. Re7 Rb8 32. Bb4 g6 33. Rf2 h5
34. Rd7 Bd3 35. Bxd6 Nxd6 36. Rxd6 Rc8 37. Rd7 Be4 38. d5 b5 39. Re2 Bc2 40.
Rxa7 Bb3 41. d6 Rd8 42. h4 Ba2 43. Re5 Bc4 44. Rc5 Kf8 45. a4 Bf7 46. Rxb5 Rxd6
47. Rb8+ Kg7 48. Rbb7 Rd1+ 49. Kh2 Rf1 50. Rxf7+ Rxf7 51. Rxf7+ Kxf7 52. a5 Kf6
53. a6 Kf7 54. a7 Ke7 55. a8=Q Kd6 56. Qa5 Kc6 57. Qg5 Kd6 58. Qxg6+ Kd5 59.
Qxh5+ Kd6 60. Qg4 Kd5 61. Qf4 Kc6 62. Qe5 Kb6 63. Qd5 Kc7 64. Qe6 Kd8 65. Qf7
Kc8 66. Qe7 Kb8 67. Qd7 Ka8 68. Kg3 Kb8 69. Kf4 Ka8 70. Ke5 Kb8 71. Kd6 Ka8 72.
Kc6 Kb8 73. Kb6 Ka8 74. Qc8# 1-0

[Event "ICS rated bullet match"]
[Site "204.178.125.65"]
[Date "2000.03.01"]
[Round "?"]
[White "Tomo"]
[Black "Hossa"]
[Result "0-1"]
[WhiteElo "2098"]
[BlackElo "2380"]
[PlyCount "68"]

1. e4 c5 2. Nf3 d6 3. d4 cxd4 4. Nxd4 Nf6 5. Nc3 a6 6. Bg5 e6 7. f4 Be7 8. Qf3
Qc7 9. O-O-O Nbd7 10. g4 b5 11. Bxf6 Nxf6 12. g5 Nd7 13. f5 Nc5 14. f6 gxf6 15.
gxf6 Bf8 16. Rg1 h5 17. Rg7 b4 18. Nd5 exd5 19. exd5 Bg4 20. Re1+ Kd8 21. Qg3
Bxg7 22. fxg7 Rg8 23. h3 Bd7 24. Kb1 b3 25. axb3 Qa5 26. Rd1 Kc7 27. Nc6 Bxc6
28. dxc6 Ne4 29. Qf4 f5 30. Bg2 Qe5 31. Qe3 Rxg7 32. Bxe4 Rg3 33. Qh6 fxe4 34.
Qh7+ Kxc6 0-1

[Event "ICS rated blitz match"]
[Site "204.178.125.65"]
[Date "2000.03.01"]
[Round "?"]
[White "Hossa"]
[Black "poodledough"]
[Result "0-1"]
[WhiteElo "2510"]
[BlackElo "2865"]
[PlyCount "106"]

1. e4 c5 2. Nf3 d6 3. d4 cxd4 4. Nxd4 Nf6 5. Nc3 a6 6. Bg5 e6 7. f4 Be7 8. Qf3
Qc7 9. O-O-O Nbd7 10. g4 b5 11. Bxf6 Nxf6 12. g5 Nd7 13. f5 Nc5 14. f6 gxf6 15.
gxf6 Bf8 16. Rg1 h5 17. a3 Bd7 18. Bh3 Rb8 19. Bg2 b4 20. axb4 Rxb4 21. Na2 Rb8
22. Kb1 Qb6 23. Qc3 Na4 24. Qb3 Qc7 25. Nb4 Qc5 26. Qg3 h4 27. Qa3 Rxb4 28. Nb3
Qe5 29. Rdf1 d5 30. exd5 Rg4 31. Qa2 Qxh2 32. dxe6 fxe6 33. f7+ Ke7 34. Rd1 Bb5
35. Rgf1 Bxf1 36. Bxf1 Qh1 37. Be2 Rg1 38. Rxg1 Qxg1+ 39. Nc1 Nc5 40. Qc4 h3
41. Bf3 h2 42. b4 Nd7 43. Kb2 Rh3 44. Bb7 Bg7+ 45. Kb1 Bh6 46. Ka2 Qxc1 47. Qb3
h1=Q 48. Bxh1 Bg7 49. f8=Q+ Nxf8 50. c3 Rh2+ 51. Bg2 Rxg2+ 52. Qc2 Qxc2+ 53.
Ka3 Qa2# 0-1

[Event "ICS rated blitz match"]
[Site "204.178.125.65"]
[Date "2000.03.01"]
[Round "?"]
[White "erce"]
[Black "Hossa"]
[Result "0-1"]
[WhiteElo "2489"]
[BlackElo "2506"]
[PlyCount "26"]

1. e4 e5 2. Nf3 Nc6 3. Bb5 a6 4. Bxc6 dxc6 5. Nc3 f6 6. d4 Bb4 7. dxe5 Bxc3+ 8.
bxc3 Qxd1+ 9. Kxd1 Bg4 10. exf6 O-O-O+ 11. Ke2 Nxf6 12. Bg5 Rhe8 13. Ke3 Rxe4#
0-1

[Event "ICS rated blitz match"]
[Site "204.178.125.65"]
[Date "2000.03.01"]
[Round "?"]
[White "Hossa"]
[Black "erce"]
[Result "1/2-1/2"]
[WhiteElo "2521"]
[BlackElo "2474"]
[PlyCount "97"]

1. Nf3 f5 2. g3 Nf6 3. Bg2 g6 4. O-O Bg7 5. d4 O-O 6. c4 d6 7. Nc3 Nc6 8. Ng5
h6 9. d5 Ne5 10. Ne6 Bxe6 11. dxe6 c6 12. Qb3 Qc8 13. f4 Neg4 14. h3 Qxe6 15.
hxg4 Nxg4 16. Bf3 Rab8 17. Rd1 Kh7 18. Nb1 h5 19. c5 d5 20. Na3 Qf6 21. Kg2 Rf7
22. Nc2 Bh6 23. Rh1 e5 24. fxe5 Qxe5 25. Bxh6 Kxh6 26. Raf1 Re7 27. Qa4 a6 28.
Qb3 Rbe8 29. Bxg4 fxg4 30. Rf2 Qe4+ 31. Kg1 Qc4 32. Qxc4 dxc4 33. e3 Re5 34.
Rf7 Rd8 35. Rh2 Rxc5 36. Nd4 b5 37. Rf6 Re5 38. Rxc6 Kg5 39. Ne6+ Rxe6 40. Rxe6
Rd1+ 41. Kf2 Rd2+ 42. Kg1 Rd1+ 43. Kf2 Rd2+ 44. Kg1 Rd1+ 45. Kf2 Rd2+ 46. Kg1
Rd1+ 47. Kf2 Rd2+ 48. Kg1 Rd1+ 49. Kf2 1/2-1/2

[Event "ICS rated blitz match"]
[Site "204.178.125.65"]
[Date "2000.03.02"]
[Round "?"]
[White "Hossa"]
[Black "epi55"]
[Result "1-0"]
[WhiteElo "2519"]
[BlackElo "2123"]
[PlyCount "95"]

1. c4 e6 2. Nf3 d5 3. cxd5 exd5 4. e3 Nf6 5. Be2 Bd6 6. d4 O-O 7. O-O c6 8. Nc3
Re8 9. Re1 Nbd7 10. Bd2 Ne4 11. Rc1 Qf6 12. Bd3 Qh6 13. Qc2 f5 14. Rcd1 Re6 15.
Qb3 Kh8 16. Bc1 Rg6 17. Ne2 Ng5 18. Ng3 Nxf3+ 19. gxf3 Qh4 20. f4 Nf6 21. Be2
Rh6 22. Bf3 Ng4 23. Bxg4 Qxh2+ 24. Kf1 fxg4 25. Ke2 Qg2 26. Rg1 Qf3+ 27. Ke1
Rh2 28. Rd2 b5 29. Nf1 Rh1 30. Rxh1 Qxh1 31. Qc3 Bd7 32. Qa5 Qe4 33. Re2 Qe7
34. Qa6 h5 35. Qb7 Rb8 36. Qxa7 h4 37. b3 g5 38. fxg5 h3 39. Ng3 Bxg3 40. fxg3
Rf8 41. Rf2 Rxf2 42. Kxf2 Qf7+ 43. Kg1 Qf3 44. Qb8+ Kh7 45. g6+ Kxg6 46. Qd6+
Kg5 47. e4+ Kh5 48. Qh6# 1-0

[Event "ICS rated blitz match"]
[Site "204.178.125.65"]
[Date "2000.03.02"]
[Round "?"]
[White "epi55"]
[Black "Hossa"]
[Result "0-1"]
[WhiteElo "2120"]
[BlackElo "2522"]
[PlyCount "62"]

1. d4 d5 2. Nf3 Nf6 3. Bg5 e6 4. e3 Be7 5. Bd3 c5 6. c3 Nc6 7. Nbd2 cxd4 8.
exd4 O-O 9. O-O Bd7 10. Ne5 Qc7 11. f4 h6 12. Bxf6 Bxf6 13. Qh5 Rad8 14. g4
Nxe5 15. dxe5 Qb6+ 16. Rf2 Be7 17. Kg2 Qxb2 18. Rb1 Qxc3 19. Rb3 Qc7 20. Bb1
Ba4 21. Rh3 Qc1 22. g5 Bd1 23. Qh4 Rfe8 24. Qg3 h5 25. Qd3 Bc5 26. g6 Bxf2 27.
gxf7+ Kxf7 28. Qg6+ Kf8 29. Rd3 Be3 30. f5 Bg4 31. f6 Qg1# 0-1

[Event "ICS rated bullet match"]
[Site "204.178.125.65"]
[Date "2000.03.02"]
[Round "?"]
[White "Hossa"]
[Black "KCtan"]
[Result "1-0"]
[WhiteElo "2386"]
[BlackElo "2095"]
[PlyCount "55"]

1. e4 d6 2. d4 Nf6 3. Nc3 g6 4. f4 Bg7 5. Nf3 O-O 6. Bd3 Na6 7. O-O c5 8. d5
Rb8 9. Kh1 Bg4 10. h3 Bxf3 11. Rxf3 Nc7 12. Bd2 b5 13. Qe1 b4 14. Ne2 a5 15. f5
Nd7 16. Rb1 Ne5 17. fxg6 hxg6 18. Ng1 Nxf3 19. Nxf3 Nb5 20. Qh4 Bf6 21. Ng5
Bxg5 22. Bxg5 f6 23. Bh6 Rf7 24. Qg4 Rg7 25. e5 f5 26. Bxf5 Nd4 27. Bxg6 Qc8
28. Bh7+ 1-0

[Event "ICS rated bullet match"]
[Site "204.178.125.65"]
[Date "2000.03.02"]
[Round "?"]
[White "KCtan"]
[Black "Hossa"]
[Result "1/2-1/2"]
[WhiteElo "2090"]
[BlackElo "2391"]
[PlyCount "88"]

1. d4 Nf6 2. Nf3 e6 3. Bg5 c5 4. e3 d5 5. Nbd2 cxd4 6. exd4 Bd6 7. c3 h6 8. Bh4
g5 9. Bg3 Bxg3 10. hxg3 Ng4 11. Ne5 Nxe5 12. dxe5 Qc7 13. f4 Qb6 14. Qf3 Qxb2
15. Rb1 Qxa2 16. fxg5 h5 17. Rxh5 Rxh5 18. Qxh5 Nc6 19. Bb5 Qc2 20. Qh8+ Ke7
21. Qf6+ Ke8 22. Qh8+ Ke7 23. Qf6+ Ke8 24. Qh8+ Ke7 25. Qf6+ Ke8 26. Qh8+ Ke7
27. Qf6+ Ke8 28. Qh8+ Ke7 29. Qf6+ Ke8 30. Qh8+ Ke7 31. Qf6+ Ke8 32. Qh8+ Ke7
33. Qf6+ Ke8 34. Qh8+ Ke7 35. Qf6+ Ke8 36. Qh8+ Ke7 37. Qf6+ Ke8 38. Qh8+ Ke7
39. Qf6+ Ke8 40. Qh8+ Ke7 41. Qf6+ Ke8 42. Qh8+ Ke7 43. Qf6+ Ke8 44. Qh8+ Ke7
1/2-1/2

[Event "ICS rated blitz match"]
[Site "204.178.125.65"]
[Date "2000.03.02"]
[Round "?"]
[White "patopato"]
[Black "Hossa"]
[Result "0-1"]
[WhiteElo "2027"]
[BlackElo "2530"]
[PlyCount "140"]

1. e4 e5 2. Nf3 Nc6 3. c4 Nf6 4. Nc3 Bb4 5. Qc2 d6 6. Be2 Bc5 7. O-O Bg4 8. d3
Bxf3 9. Bxf3 Nd4 10. Qd1 O-O 11. Kh1 Re8 12. Bg5 c6 13. Be2 Ne6 14. Qd2 Nxg5
15. Qxg5 Bd4 16. f4 Be3 17. g3 Qb6 18. Rab1 exf4 19. gxf4 Qd4 20. Qg3 Rad8 21.
Rf3 Bd2 22. Rg1 Nd7 23. Nd1 Bc1 24. b3 Nb6 25. Ne3 Bxe3 26. Rxe3 Na8 27. f5 Re7
28. Bf1 f6 29. Rf3 d5 30. exd5 cxd5 31. cxd5 Nb6 32. Bg2 Nxd5 33. Rf2 Nc3 34.
Rc2 Ne2 35. Rxe2 Rxe2 36. Be4 Qd7 37. Rg2 Rxg2 38. Qxg2 Qd4 39. h4 Qa1+ 40. Kh2
b5 41. h5 Qd1 42. h6 Qh5+ 43. Qh3 Qxh6 44. Qxh6 gxh6 45. Kg3 b4 46. Kf4 h5 47.
Kg3 Kg7 48. Kh4 Kh6 49. Kh3 Kg5 50. Kg3 Rd6 51. Kh3 Ra6 52. Kg3 Rxa2 53. Bd5
Rd2 54. Bc4 Kxf5 55. Kh4 Kf4 56. Kh3 h6 57. Bb5 h4 58. Bc4 Rd1 59. Bb5 f5 60.
Bc4 Kg5 61. Bb5 f4 62. Bc6 Rxd3+ 63. Kh2 Rxb3 64. Kg2 h3+ 65. Kh2 Kh4 66. Bd5
Rb2+ 67. Kg1 Kg3 68. Kf1 h2 69. Ke1 f3 70. Bxf3 Kxf3 0-1

[Event "ICS rated blitz match"]
[Site "204.178.125.65"]
[Date "2000.03.02"]
[Round "?"]
[White "Hossa"]
[Black "patopato"]
[Result "0-1"]
[WhiteElo "2532"]
[BlackElo "2010"]
[PlyCount "56"]

1. e4 c5 2. Nf3 Nc6 3. d4 cxd4 4. Nxd4 Nf6 5. Nc3 d6 6. Bg5 e6 7. Qd2 Be7 8.
O-O-O a6 9. Nf3 Qa5 10. Bf4 Ne5 11. Nxe5 dxe5 12. Bg3 Bd7 13. Bh4 Rd8 14. Qg5
O-O 15. Bg3 Nd5 16. Qxe5 Bf6 17. Qh5 g6 18. Nxd5 exd5 19. Qf3 Bg5+ 20. Kb1 dxe4
21. Qe2 Be6 22. b3 Qc3 23. Rxd8 Rxd8 24. Be5 Qxe5 25. f3 Bf6 26. c3 Qxc3 27.
fxe4 Rd1+ 28. Qxd1 Qb2# 0-1

[Event "ICS Rated blitz match"]
[Site "204.178.125.65"]
[Date "2000.03.02"]
[Round "?"]
[White "Kair"]
[Black "Hossa"]
[Result "1-0"]
[WhiteElo "2574"]
[BlackElo "2502"]
[PlyCount "199"]

1. d4 Nf6 2. c4 e6 3. Nc3 Bb4 4. Qc2 d5 5. cxd5 Qxd5 6. Nf3 Qf5 7. Qb3 Nc6 8.
Bd2 O-O 9. e3 a6 10. O-O-O Rd8 11. Qc4 Bd6 12. Re1 e5 13. d5 e4 14. dxc6 exf3
15. Bd3 Qh5 16. Be4 Nxe4 17. Qxe4 fxg2 18. Rhg1 Bh3 19. cxb7 Rab8 20. f4 Qh6
21. Nd1 Bc5 22. Bc3 Qb6 23. Qf3 Qe6 24. Nf2 Bf5 25. e4 Bxf2 26. exf5 Qb6 27.
Qxg2 g6 28. fxg6 fxg6 29. f5 Bxg1 30. Rxg1 Qe3+ 31. Kb1 Qd3+ 32. Qc2 Qxc2+ 33.
Kxc2 Rd6 34. f6 Kf7 35. Re1 Re6 36. Rd1 Re2+ 37. Kc1 Rxb7 38. Rd7+ Kf8 39. Rxh7
g5 40. h4 gxh4 41. Rxh4 Kf7 42. Rh7+ Kg6 43. Rg7+ Kh6 44. a4 Kh5 45. f7 Rf2 46.
Kd1 Rb6 47. Ke1 Rf5 48. Kd2 Kh6 49. Kd3 Rg6 50. f8=Q Rxf8 51. Rxc7 Rd8+ 52. Kc4
Rg4+ 53. Kb3 Rd1 54. Rf7 Rg6 55. Kb4 Kh5 56. Rf5+ Kg4 57. Re5 Rb6+ 58. Kc5 Rb8
59. Re6 Rc8+ 60. Kb4 Ra8 61. Kc4 Rf1 62. Rg6+ Kh5 63. Rd6 Rc1 64. Kb4 Rg1 65.
Bf6 Rf1 66. Rd5+ Kg6 67. Be5 Rb1 68. Rc5 Rd8 69. Rc6+ Kf5 70. Bc3 Ra8 71. Rd6
Kg4 72. Ka5 Ra1 73. b4 Rc1 74. Bg7 Rg8 75. Bd4 Rc4 76. Bc5 Ra8 77. Rxa6 Rb8 78.
Rb6 Rg8 79. Kb5 Rc3 80. a5 Ra3 81. a6 Kf5 82. Rb7 Rc8 83. a7 Ra8 84. Kb6 Ke6
85. Rc7 Ke5 86. Kb7 Rd8 87. Rc8 Rd7+ 88. Kb8 Raxa7 89. Bxa7 Rd5 90. Bc5 Rd7 91.
b5 Kd5 92. b6 Ke5 93. b7 Ke4 94. Re8+ Kd5 95. Ka8 Kxc5 96. b8=Q Kc6 97. Qe5 Rd3
98. Rc8+ Kb6 99. Qc5+ Ka6 100. Rc6# 1-0

[Event "ICS Rated blitz match"]
[Site "204.178.125.65"]
[Date "2000.03.02"]
[Round "?"]
[White "Hossa"]
[Black "Kair"]
[Result "0-1"]
[WhiteElo "2489"]
[BlackElo "2597"]
[PlyCount "140"]

1. d4 d5 2. c4 c6 3. Nc3 Nf6 4. Nf3 e6 5. Bg5 dxc4 6. e4 b5 7. e5 h6 8. Bh4 g5
9. Nxg5 hxg5 10. Bxg5 Nbd7 11. Qf3 Bb7 12. exf6 Qb6 13. O-O-O Qc7 14. Re1 Bh6
15. Rxe6+ fxe6 16. Qh5+ Kd8 17. Bxh6 Nxf6 18. Qg6 Nd5 19. Nxd5 cxd5 20. Qf6+
Kd7 21. Qf7+ Kc6 22. Qxe6+ Qd6 23. Qxd6+ Kxd6 24. Bf4+ Ke6 25. Be2 Rh4 26. g3
Rf8 27. gxh4 Rxf4 28. h5 Kf6 29. Rg1 Rxf2 30. Rf1 Rxf1+ 31. Bxf1 b4 32. Be2 Kf5
33. Bg4+ Kf6 34. Kd2 Kg5 35. h4+ Kh6 36. Bf3 Bc6 37. Kc1 Bb5 38. Kb1 Bc6 39.
Kc2 Ba4+ 40. b3 Bd7 41. bxc4 dxc4 42. d5 c3 43. d6 Bf5+ 44. Kc1 Bd7 45. Be2 a5
46. Kc2 Kg7 47. Bd3 Ba4+ 48. Kb1 Bd7 49. Kc1 a4 50. Kc2 Be6 51. Bg6 Kf6 52. a3
Bb3+ 53. Kd3 c2 54. Kd2 bxa3 55. d7 Ke7 56. Bxc2 a2 57. Bxb3 axb3 58. Kc3 a1=Q+
59. Kxb3 Kxd7 60. Kc4 Kc6 61. h6 Qa4+ 62. Kd3 Qxh4 63. Ke3 Qxh6+ 64. Kf2 Kc5
65. Kg2 Kd4 66. Kf3 Qh4 67. Ke2 Qg3 68. Kd2 Qf2+ 69. Kc1 Kc3 70. Kd1 Qf1# 0-1

[Event "ICS rated blitz match"]
[Site "204.178.125.65"]
[Date "2000.03.02"]
[Round "?"]
[White "Champi"]
[Black "Hossa"]
[Result "0-1"]
[WhiteElo "2386"]
[BlackElo "2478"]
[PlyCount "154"]

1. d4 Nf6 2. Nf3 e6 3. Bg5 c5 4. e3 d5 5. Nbd2 cxd4 6. exd4 Bd6 7. c3 h6 8. Bh4
Nc6 9. Bd3 O-O 10. O-O Bd7 11. Re1 g5 12. Bg3 Bxg3 13. hxg3 Qb6 14. Rb1 Qa5 15.
a3 Rab8 16. Ne5 Bc8 17. Ndf3 Bd7 18. Qd2 Nxe5 19. dxe5 Nh7 20. Nd4 f5 21. exf6
Rxf6 22. Re5 Nf8 23. Rbe1 Rc8 24. Kh2 Qb6 25. f4 gxf4 26. gxf4 Rb8 27. R1e3 Be8
28. Qe2 Rxf4 29. Nxe6 Rh4+ 30. Kg3 Bh5 31. Qf2 Rg4+ 32. Kh3 Re8 33. Qf5 Rxe6
34. Rxe6 Nxe6 35. Rxe6 Qc7 36. Rg6+ Rxg6 37. Qxd5+ Kh7 38. Bxg6+ Bxg6 39. g4
Qf7 40. Qd1 Be4 41. Kg3 Kg8 42. c4 Qc7+ 43. Kh3 Qxc4 44. Qd8+ Kf7 45. Qd7+ Kf6
46. Qd8+ Ke5 47. Qe7+ Qe6 48. Qc5+ Kf6 49. Qf8+ Kg6 50. Qc5 Qb3+ 51. Kh4 Qxb2
52. Qd6+ Qf6+ 53. Qxf6+ Kxf6 54. Kg3 Kg5 55. Kf2 Kxg4 56. a4 b5 57. a5 b4 58.
Ke3 b3 59. Kxe4 b2 60. Kd5 b1=Q 61. Ke5 Qb5+ 62. Kd4 Qc5+ 63. Kxc5 h5 64. Kc6
h4 65. Kb7 h3 66. Kxa7 h2 67. a6 h1=Q 68. Kb8 Qb1+ 69. Kc7 Qa2 70. Kb7 Qd5+ 71.
Kb8 Qb5+ 72. Ka7 Kf5 73. Ka8 Qxa6+ 74. Kb8 Ke6 75. Kc7 Qb5 76. Kc8 Kd6 77. Kd8
Qb8# 0-1

[Event "ICS rated blitz match"]
[Site "204.178.125.65"]
[Date "2000.03.02"]
[Round "?"]
[White "Hossa"]
[Black "Champi"]
[Result "1-0"]
[WhiteElo "2490"]
[BlackElo "2374"]
[PlyCount "101"]

1. e4 d6 2. d4 e6 3. Nf3 c6 4. Bd3 Nd7 5. Bf4 Qc7 6. Nbd2 Be7 7. O-O b5 8. Re1
e5 9. dxe5 dxe5 10. Bg3 a6 11. a4 Rb8 12. Re2 Ngf6 13. a5 O-O 14. Nd4 Re8 15.
Nf5 Bf8 16. Nb3 c5 17. c4 b4 18. Qc1 g6 19. Qg5 Kh8 20. Ne3 Be7 21. Qh6 Ng8 22.
Nd5 Qd6 23. Qd2 Bf8 24. f4 Bh6 25. Rf2 Kg7 26. fxe5 Nxe5 27. Qc2 f6 28. Raf1
Rf8 29. Bxe5 Qxe5 30. Qe2 Qd6 31. e5 Qc6 32. exf6+ Kh8 33. f7 Be6 34. fxg8=Q+
Bxg8 35. Rxf8 Rxf8 36. Qe5+ Bg7 37. Rxf8 Bxe5 38. Rxg8+ Kxg8 39. Ne7+ Kf7 40.
Nxc6 Bxb2 41. Nxc5 Bc3 42. Nxa6 b3 43. Nc5 b2 44. a6 Bg7 45. a7 Kf6 46. a8=Q
Kg5 47. Qd8+ Bf6 48. Ne6+ Kh6 49. Qf8+ Kh5 50. Be2+ Kh4 51. Qh6# 1-0

[Event "ICS rated blitz match"]
[Site "204.178.125.65"]
[Date "2000.03.02"]
[Round "?"]
[White "Champi"]
[Black "Hossa"]
[Result "0-1"]
[WhiteElo "2363"]
[BlackElo "2501"]
[PlyCount "68"]

1. d4 Nf6 2. Nf3 e6 3. Bg5 c5 4. e3 d5 5. c3 Be7 6. Nbd2 cxd4 7. exd4 O-O 8.
Bd3 Nc6 9. Ne5 Nxe5 10. dxe5 Nd7 11. Bf4 Nc5 12. Bc2 d4 13. O-O d3 14. Bb1 Bd7
15. b4 Ba4 16. Qf3 Bc6 17. Qe3 g5 18. Bg3 Qd5 19. Nf3 g4 20. bxc5 gxf3 21. Qxf3
Qxf3 22. gxf3 Rad8 23. Rd1 d2 24. Bf4 Bxf3 25. Rxd2 Rxd2 26. Bxd2 Rd8 27. Be1
Rd1 28. Kf1 Bxc5 29. a4 b6 30. a5 Be4 31. axb6 axb6 32. Bxe4 Rxa1 33. Ke2 Ra2+
34. Kd3 Bxf2 0-1

[Event "ICS rated blitz match"]
[Site "204.178.125.65"]
[Date "2000.03.02"]
[Round "?"]
[White "Hossa"]
[Black "patopato"]
[Result "1-0"]
[WhiteElo "2511"]
[BlackElo "2045"]
[PlyCount "77"]

1. e4 c5 2. Nf3 Nc6 3. d4 cxd4 4. Nxd4 d6 5. Be3 g6 6. Bb5 Qc7 7. Nc3 e6 8. Bd3
Bg7 9. Ndb5 Qb8 10. Be2 Bf8 11. Bf4 e5 12. Be3 a6 13. Na3 Be6 14. Nc4 Nf6 15.
Nb6 Ra7 16. Nbd5 Bxd5 17. Bxa7 Nxa7 18. Nxd5 Nxd5 19. Qxd5 Nc6 20. Bxa6 Bg7 21.
Qb5 O-O 22. Qxb7 Nb4 23. O-O-O Nxa2+ 24. Kb1 Nb4 25. Qxb8 Rxb8 26. Bc4 Rb6 27.
c3 Na6 28. Kc2 Nc5 29. Bd5 Kf8 30. Ra1 f5 31. Ra7 Bh6 32. Rxh7 Bg5 33. exf5
gxf5 34. Rf7+ Ke8 35. Rxf5 Be7 36. Ra1 Na6 37. Rh5 Nc7 38. Rh8+ Kd7 39. Ra7 1-0

[Event "ICS rated blitz match"]
[Site "204.178.125.65"]
[Date "2000.03.02"]
[Round "?"]
[White "PostModernist"]
[Black "Hossa"]
[Result "0-1"]
[WhiteElo "2566"]
[BlackElo "2513"]
[PlyCount "120"]

1. c4 c5 2. Nf3 Nf6 3. Nc3 d5 4. cxd5 Nxd5 5. g3 Nc6 6. Bg2 Nc7 7. O-O e5 8. d3
Be7 9. Nd2 Bd7 10. Nc4 f6 11. f4 b5 12. Ne3 exf4 13. Nf5 fxg3 14. Nxg7+ Kf7 15.
Nh5 gxh2+ 16. Kxh2 Rg8 17. Ne4 Rg6 18. Nexf6 Bxf6 19. Nxf6 Rxf6 20. Bg5 Ne8 21.
Qb3+ Kg7 22. Qc3 Qe7 23. Bxf6+ Nxf6 24. Rac1 Re8 25. Qxc5 Ng4+ 26. Kg3 Qxe2 27.
Qg5+ Kh8 28. Rf7 Qxd3+ 29. Kh4 Rg8 30. Qf4 Nce5 31. Be4 Ng6+ 32. Bxg6 hxg6 33.
Qg5 Be6 34. Re7 Qe2 35. Rxe6 Qxe6 36. Kg3 Nf6 37. Qh6+ Nh7 38. Rc7 Qe1+ 39. Kg2
Qe4+ 40. Kg1 g5 41. Qh3 Qd4+ 42. Kh1 Qh4 43. Qxh4 gxh4 44. Rb7 a6 45. Rb6 Rd8
46. Rxa6 Rd2 47. b3 Kg7 48. Ra5 Kg6 49. a3 Ng5 50. Kg1 h3 51. Ra6+ Kh5 52. Ra8
Nf3+ 53. Kf1 h2 54. Rh8+ Kg4 55. Rg8+ Kh3 56. Rh8+ Nh4 57. Ke1 Rg2 58. Rf8
h1=Q+ 59. Rf1 Nf3+ 60. Kd1 Qxf1# 0-1

[Event "ICS rated blitz match"]
[Site "204.178.125.65"]
[Date "2000.03.02"]
[Round "?"]
[White "PostModernist"]
[Black "Hossa"]
[Result "1-0"]
[WhiteElo "2553"]
[BlackElo "2515"]
[PlyCount "131"]

1. d4 Nf6 2. c4 e6 3. Nf3 b6 4. a3 Bb7 5. Nc3 d5 6. cxd5 Nxd5 7. Qa4+ Nd7 8.
Nxd5 Bxd5 9. Qc2 Bxf3 10. exf3 c5 11. dxc5 Bxc5 12. Bb5 a6 13. Bd3 Bd4 14. Be4
Ra7 15. O-O f5 16. Qa4 fxe4 17. Qxd4 exf3 18. Qxg7 Qf6 19. Qxf6 Nxf6 20. Re1
Kf7 21. gxf3 Rc7 22. Be3 Rc2 23. Rac1 Rg8+ 24. Kf1 Rgc8 25. Rxc2 Rxc2 26. Bxb6
Rxb2 27. Bd4 Ra2 28. Bc5 Rc2 29. Bd6 Nd5 30. Kg2 h5 31. h3 Nb6 32. Kg3 Nc4 33.
Bb4 a5 34. Bc5 Nb2 35. Be3 Nc4 36. Kh4 Nxa3 37. Kxh5 Nc4 38. Ra1 Kf6 39. h4 Kf5
40. Ra4 Ke5 41. Kg6 Kd5 42. h5 Ne5+ 43. Kf6 Nc6 44. h6 Rb2 45. h7 Rb8 46. Rh4
Rh8 47. Kg7 Rb8 48. h8=R Rb1 49. R4h5+ e5 50. f4 Ke4 51. fxe5 a4 52. e6 a3 53.
Ra8 Ra1 54. Kf6 Rb1 55. Rxa3 Kf3 56. Bb6+ Ke2 57. Re3+ Kd2 58. Rd5+ Kc2 59.
Rc5+ Kd2 60. Rxc6 Ra1 61. e7 Ra8 62. Ba5+ Rxa5 63. e8=Q Rd5 64. Re2+ Kd1 65.
Re1+ Kd2 66. Qe3# 1-0